Beiträge zur Ultrastruktur der hypothalamischen Neurosekretion

Elmentve itt :
Bibliográfiai részletek
Szerzők: Bara Dénes
Bartók István
Csapó Zsolt
Dokumentumtípus: Cikk
Megjelent: 1968
Sorozat:Kolligátum
Kulcsszavak:Hypothalamus - endokrinológia, Ideggyógyászat, Endokrinológia, Hormonok
Online Access:http://misc.bibl.u-szeged.hu/26981
LEADER 00684nab a2200193 i 4500
001 misc26981
005 20191111110332.0
008 170920s1968 hu o 0|| zxx d
040 |a SZTE Miscellanea Repozitórium  |b hun 
041 |a zxx 
100 1 |a Bara Dénes 
245 1 0 |a Beiträge zur Ultrastruktur der hypothalamischen Neurosekretion  |h [elektronikus dokumentum] /  |c  Bara Dénes 
260 |c 1968 
300 |a 385-396 
490 0 |a Kolligátum 
695 |a Hypothalamus - endokrinológia, Ideggyógyászat, Endokrinológia, Hormonok 
700 0 1 |a Bartók István  |e aut 
700 0 1 |a Csapó Zsolt  |e aut 
856 4 0 |u http://misc.bibl.u-szeged.hu/26981/1/019_023_385-396.pdf  |z Dokumentum-elérés